01132 2200361 4500001002100000005001500021035002000036007000300056040001700059100003700076245020000113250001200313300003400325504002500359041000800384082001200392084001800404090002100422264003900443336002100482337003000503338002300533650001400556850001000570008004100580020001800621700004500639990001600684990002200700990001600722990001600738990001600754INLIS00000000000632620260418080430 a0010-0322000570ta aSBPUPADbInd0 aLydia Harlina MartonoePengarang1 aBelajar Hidup Bertanggung Jawab Menangkal Narkoba dan Kekerasan :bUntuk Siswa Sekolah Lanjutan TIngkat Pertama dan Remaja Usia Tiga Belas-Lima Belas Tahun /cLydia Harlina Martono, Satya Joewana a.-cet.3 aiii,63 hlm. :bIllus. ;c23cm aBibliografi, hlm 630 aInd a362.243 a362.243 LYD b a363.7 KOM p 13-3 a.--Jakarta :bBalai Pustaka,c2006 2rdacontentaTeks 2rdamediaaTanpa Perantara 2rdacarrieravolume 4aNarkotika aPUPAD260418 0  a979-690-086-40 apengarang ke-2, Satya JoewanaePengarang a1727/H/2007 a1575/H/ARPUS/2007 a4153/R/2005 a1779/H/2007 a1778/H/2007